[Event "Valle Region-ch U12"]
[Site "Ansermanuevo"]
[Date "2012.03.23"]
[Round "3.4"]
[White "Munoz Erazo, Tristan"]
[Black "Conde, William Andres"]
[Result "0-1"]
[WhiteElo "1400"]
[BlackElo "1493"]
[PlyCount "58"]
[EventDate "2012.03.23"]
[EventType "swiss"]
[EventRounds "7"]
[EventCountry "COL"]
[SourceTitle "EXT 2024"]
[Source "ChessBase"]
[SourceDate "2023.10.10"]
[SourceVersion "1"]
[SourceVersionDate "2023.10.10"]
[SourceQuality "1"]

1. e4 c5 2. Nf3 e6 3. Bc4 Nf6 4. 0-0 Be7 5. Nc3 0-0 6. Ne2 d5 7. e5 Nfd7 8. Bb5 f6 9. d3 a6 10. Bxd7 Nxd7 11. c3 b6 12. d4 fxe5 13. dxe5 Bb7 14. h4 d4 15. cxd4 Bxf3 16. gxf3 cxd4 17. Qxd4 Bc5 18. Qg4 Nxe5 19. Bg5 Nxf3+ 20. Kh1 Nxg5 21. Qxg5 Qxg5 22. hxg5 Rf5 23. Rg1 Bxf2 24. Rg2 Raf8 25. Rf1 Bc5 26. Rxf5 exf5 27. g6 f4 28. gxh7+ Kxh7 29. Rh2+ Kg8 0-1

[Event "Valle Region-ch U12"]
[Site "Ansermanuevo"]
[Date "2012.03.23"]
[Round "5.7"]
[White "Munoz Erazo, Tristan"]
[Black "Espitia, Juan Camilo"]
[Result "0-1"]
[WhiteElo "1400"]
[BlackElo "1406"]
[PlyCount "56"]
[EventDate "2012.03.23"]
[EventType "swiss"]
[EventRounds "7"]
[EventCountry "COL"]
[SourceTitle "EXT 2024"]
[Source "ChessBase"]
[SourceDate "2023.10.10"]
[SourceVersion "1"]
[SourceVersionDate "2023.10.10"]
[SourceQuality "1"]

1. e4 e5 2. Nf3 Nc6 3. Nc3 Nf6 4. Bc4 Bc5 5. Ng5 0-0 6. 0-0 d6 7. d3 a6 8. Qe2 Nd4 9. Qd2 b5 10. Bd5 Nxd5 11. exd5 b4 12. Na4 Bd7 13. Nxc5 dxc5 14. c3 Nb5 15. cxb4 cxb4 16. Qxb4 Nd4 17. Qc3 Ne2+ 18. Kh1 Nxc3 19. bxc3 h6 20. Nf3 c6 21. dxc6 Bxc6 22. Nxe5 Bb7 23. Ba3 Re8 24. d4 Ra7 25. Rfe1 Ba8 26. Re2 Qb8 27. Rae1 Qb7 28. Bc5 Qxg2# 0-1